02417nam a2200301Ia 450000500170000000800410001704000700005804100130012808200140014110000420015524201420019724501320033924600940047126000580056530000180062349000670064150000280070850008260073650000210156250502480158350600210183154600330185265000250188565000220191065000200193270000250195285601380197720161207154552.0130821s1841 fr a gr spa  aCo-BoUCMbspacSandra Yazo (modificó)dSandra Yazo (modificó)0 alatafre04a876.12201 aCicerón, Marco Tuliod106-43 a. C. 00aObras completas de Cicerón, con su correspondiente traducción francesacPublicadas bajo la dirección de M. NisardnTomo quintoyspa10aOeuvres complètes de Cicéron, avec la traduction en françaiscPubliées sous la direction de M. NisardnTome cinquième13a[Obras completas de Cicerón, con su correspondiente traducción francesanTomo quinto] aParís (Francia)bJ. J. Dubochet, et compagniec1841 a711 páginas aCollection des auteurs latins [Colección de autores latinos] aColección incompleta. aDetalles físicos: Encuadernación rígida de primera en cartón duro forrado en piel texturizada con ligero deterioro en esquinas. Lomo con nervaduras, decoración y letras en dorado. Tapas con repujado, formando dos recuadros que enmarcan los bordes. Guardas en papel de agua brillante. Hoja de Cortesía. Anteportada. Portada sencilla, impresa a una sola tinta con un grabado (representa a Rómulo y Remo?). Texto muy bien impreso, en dos columnas, separadas por una línea vertical; en letras grandes la traducción francesa y en la parte inferior en letras de menor tamaño el texto latino. Conserva la cinta para señalar la lectura. En la portada, anotación de propiedad. Texto latino con su Traducción francesa y notas. Sello de tinta en el que se lee: "El Colegio de Nuestra Señora del Rosario". aIncluye índice0 aV.5: 893 cartas de Marco Tulio Cicerón, numeradas según los años transcurridos desde la fundación de Roma ("ab Urbe condita"): escritas desde el año 686 hasta el año 711 con un índice alfabético de destinatarios de estas cartas aConsulta en sala aTexto en latín y francés 7aLiteratura clásica 7aLiteratura Latina 7aCartas latinas 1 aNisard, M.edirector41zDisponible en línea V.4uhttp://books.google.com.co/books/ucm?vid=UCM5308212921&printsec=frontcover&redir_esc=y#v=onepage&q&f=false